Civil service neutrality in India - The career of a concept (Record no. 36293)

000 -LEADER
fixed length control field 00994pab a2200181 454500
008 - FIXED-LENGTH DATA ELEMENTS--GENERAL INFORMATION
fixed length control field 180718b1997 xxu||||| |||| 00| 0 eng d
100 ## - MAIN ENTRY--PERSONAL NAME
Personal name Pinto, Marina R.
245 ## - TITLE STATEMENT
Title Civil service neutrality in India - The career of a concept
260 ## - PUBLICATION, DISTRIBUTION, ETC.
Date of publication, distribution, etc. 1997
300 ## - PHYSICAL DESCRIPTION
Extent p.596-610.
362 ## - DATES OF PUBLICATION AND/OR SEQUENTIAL DESIGNATION
Dates of publication and/or sequential designation Jul-Sep
520 ## - SUMMARY, ETC.
Summary, etc. Following a discussion on conceptual aspects, background and justification of civil service neutrality in India along with its political context, the author traces the journey of the concept during different phases of Indian system of governance, i.e., ICS, Nehru era, Indira Gandhi era and post Indira Gandhi era, and highlights its characteristic features under each phase. She then picks up civil service activism for discussion covering its pros and cons and future probabilities before concluding the piece. - Reproduced
650 ## - SUBJECT ADDED ENTRY--TOPICAL TERM
Topical term or geographic name entry element Civil service - India
650 ## - SUBJECT ADDED ENTRY--TOPICAL TERM
Topical term or geographic name entry element Civil service
773 ## - HOST ITEM ENTRY
Main entry heading Indian Journal of Public Administration
908 ## - PUT COMMAND PARAMETER (RLIN)
Put command parameter N
909 ## -
-- 36293
Holdings
Withdrawn status Lost status Damaged status Not for loan Permanent Location Current Location Date acquired Serial Enumeration / chronology Barcode Date last seen Price effective from Koha item type
        Indian Institute of Public Administration Indian Institute of Public Administration 2018-07-19 Volume no: 43, Issue no: 3 AR36560 2018-07-19 2018-07-19 Articles

Powered by Koha